000
00265nam a2200109Ia 4500
008
200302s9999 xx 000 0 und d
100
_a
E P Danger
245
_a
Selecting Colour for Print
260
_b
Gower Technical Press Inc.
260
_c
1987
300
_a
162 P.,
999
_c
1438
_d
1438